LEADER 01338nam--2200421---450- 001 990002472040203316 005 20070214090943.0 010 $a84-8151-619-8 035 $a000247204 035 $aUSA01000247204 035 $a(ALEPH)000247204USA01 035 $a000247204 100 $a20050916d1998----km-y0itaa50------ba 101 0 $amul 102 $aES 105 $aa|||z|||001yy 200 1 $aTraducción e interpretación en el ámbito biosanitario$fLeandro Félix Fernández, Emilio Ortega Arjonilla (coordinadores) 210 $aGranada$cComares$d1998 215 $aXVIII, 489 p.$cill.$d21 cm 225 2 $aInterlingua$v5 410 0$12001$aInterlingua$v5 454 1 $12001 461 1$1001------$12001 606 0 $aMedicina$xTerminologia 676 $a610.14 702 1$aFÉLIX FERNÁNDEZ,$bLeandro 702 1$aORTEGA ARJONILLA,$bEmilio 801 0$aIT$bsalbc$gISBD 912 $a990002472040203316 951 $aIV.2. 404(II sp C 426)$b182238 L.M.$cII sp C$d00180021 959 $aBK 969 $aUMA 979 $aPECORARO$b90$c20050916$lUSA01$h1042 979 $aPECORARO$b90$c20050916$lUSA01$h1044 979 $aPECORARO$b90$c20050916$lUSA01$h1200 979 $aCOPAT7$b90$c20070214$lUSA01$h0909 996 $aTraducción e interpretación en el ámbito biosanitario$91059671 997 $aUNISA LEADER 03263nam 2200613 450 001 9910460057103321 005 20200520144314.0 010 $a1-84464-236-4 035 $a(CKB)3710000000248685 035 $a(EBL)1935101 035 $a(SSID)ssj0001378925 035 $a(PQKBManifestationID)11745910 035 $a(PQKBTitleCode)TC0001378925 035 $a(PQKBWorkID)11351349 035 $a(PQKB)11454462 035 $a(MiAaPQ)EBC1935101 035 $a(Au-PeEL)EBL1935101 035 $a(CaPaEBR)ebr10943496 035 $a(OCoLC)893441834 035 $a(EXLCZ)993710000000248685 100 $a20141010h20142014 uy 0 101 0 $aeng 135 $aur|n|---||||| 181 $ctxt 182 $cc 183 $acr 200 14$aThe impact of foreign direct investment on income distribution in China /$fLiu Shiguo ; translator, Zhou Yong ; polisher Andy H. Keller 210 1$a[Reading, England] :$cPaths International Ltd.,$d2014. 210 4$d©2014 215 $a1 online resource (182 p.) 225 1 $aForeign Investment in China 300 $aDescription based upon print version of record. 311 $a1-84464-235-6 320 $aIncludes bibliographical references. 327 $aCover; Title Page; Contents; Chapter 1 Overview; Chapter 2 Overview of Research on the Effects of FDI on the Income Gap among Residents of the Host Country; Chapter 3 A Theoretical Model of the Effects of FDI on Income Distribution among Residents of the Host Country; Chapter 4 The Dynamic Panel Data Analysis Method; Chapter 5 Empirical Analysis of the Effects of FDI on the Income of Corporate Employees in China; Chapter 6 Empirical Analysis of the Effects of FDI on Employment in Chinese Enterprises 327 $aChapter 7 Estimating a Simultaneous Equation Model of the Effects of FDI on Wage Rates and Employment at Chinese EnterprisesChapter 8 Measuring the Effects of FDI on Income Distribution in China; Chapter 9 Main Conclusions, Policy Recommendations, and Follow-up Research; References; Postscript; Copyright 330 $aThe income gap in China has been widening since the country started economic reform in 1978. It can be said that the increasing penetration of Foreign Direct Investment (FDI) into the Chinese economy and a widening income gap among residents are two remarkable phenomena that appeared almost at the same time after China began reform and openness. People are therefore prone to correlate the two phenomena and ask: Is there a certain correlation between FDI and the widening income gap in China? If there is, how does the strength of this correlation evolve? What strength has it reached so far? How 410 0$aForeign Investment in China 606 $aInvestments, Foreign$zChina 606 $aIncome distribution$zAsia 608 $aElectronic books. 615 0$aInvestments, Foreign 615 0$aIncome distribution 676 $a332.6730951 700 $aShiguo$b Liu$0946540 702 $aYong$b Zhou 702 $aKeller$b Andy H. 801 0$bMiAaPQ 801 1$bMiAaPQ 801 2$bMiAaPQ 906 $aBOOK 912 $a9910460057103321 996 $aThe impact of foreign direct investment on income distribution in China$92138450 997 $aUNINA LEADER 01941oam 2200589M 450 001 9910715681703321 005 20240520151117.0 035 $a(CKB)5470000002513245 035 $a(OCoLC)1065786857 035 $a(OCoLC)995470000002513245 035 $a(EXLCZ)995470000002513245 100 $a20070221d1837 ua 0 101 0 $aeng 135 $aurcn||||||||| 181 $ctxt$2rdacontent 182 $cc$2rdamedia 183 $acr$2rdacarrier 200 10$aThomas J. Lawler -- Smith M. Miles. (To accompany Bill H.R. No. 43.) December 14, 1837. -- Reprinted 210 1$a[Washington, D.C.] :$c[publisher not identified],$d1837. 215 $a1 online resource (2 pages) 225 1 $aHouse report / 25th Congress, 2nd session. House ;$vno. 31 225 1 $a[United States congressional serial set ] ;$v[serial no. 333] 300 $aBatch processed record: Metadata reviewed, not verified. Some fields updated by batch processes. 300 $aFDLP item number not assigned. 517 $aThomas J. Lawler -- Smith M. Miles. 606 $aClaims 606 $aCompensation (Law) 606 $aCompensation (Law)$zChina 606 $aImprisonment 606 $aMedical care 606 $aSlave trade 606 $aPhysicians 606 $aEnslaved persons 608 $aLegislative materials.$2lcgft 615 0$aClaims. 615 0$aCompensation (Law) 615 0$aCompensation (Law) 615 0$aImprisonment. 615 0$aMedical care. 615 0$aSlave trade. 615 0$aPhysicians. 615 0$aEnslaved persons. 701 $aWhittlesey$b Elisha$f1783-1863$pWhig (OH)$01388990 801 0$bWYU 801 1$bWYU 801 2$bOCLCO 801 2$bOCLCQ 801 2$bOCLCO 906 $aBOOK 912 $a9910715681703321 996 $aThomas J. Lawler -- Smith M. Miles. (To accompany Bill H.R. No. 43.) December 14, 1837. -- Reprinted$93536148 997 $aUNINA